000 01041na a2200337 4500
001 12906
003 MIRAKIL
005 20181213155029.0
008 161010b tu 000 0
020 _a9786058538184
035 _a12906
040 _aMilas
_btur
_cTR-AnCHP
041 _atur
082 _a922.97 Rıza,A
_bU12c 2014
090 _a922.97 Rıza,A U12c 2014
100 _aUçan, Muharrem
_d1989-
245 _aCeylanların sığınağı (İmam Rıza)
_cMuharrem Uçan
246 _aceylanların sığınağı
246 _aİmam Rıza'nın hayat hikâyesi : ceylanların sığınağı
260 _aİstanbul
_bKalender Yayınevi
_c2014
300 _a344 s.
_c21 sm.
490 _aBiyografi
_v5
490 _aTarih
_v10
490 _aKalender Yayınevi
_v15
504 _aKaynakça var.
600 _aAli er-Rıza
_xYaşamöyküsü
600 _aİmam Rıza
_xYaşamöyküsü
650 _aOnikiciler
_x12 İmam
_yİmam Rıza
650 _aYaşamöyküsü
_xDini liderler
_yİslama inananlar
942 _2dcc
_cBKS
999 _c5144
_d5144